Manual de especies silvestres del monte rionegrino /
Guardado en:
| Autor Principal: | |
|---|---|
| Otros Autores: | , , , |
| Formato: | Libro |
| Publicado: |
Viedma :
Inta,
2005
|
| Materias: | |
| Etiquetas: |
Agregar Etiqueta
Sin Etiquetas, Sea el primero en etiquetar este registro!
|
| LEADER | 01008nam a22002415a 4500 | ||
|---|---|---|---|
| 001 | CEM.cems017723 | ||
| 008 | 130507s2005##################000#0#####d | ||
| 005 | 20250617115043.0 | ||
| 245 | 1 | 0 | |a Manual de especies silvestres del monte rionegrino / |c Alicia L. Kropfl ... [et Al.] |
| 260 | |a Viedma : |b Inta, |c 2005 | ||
| 300 | |a 184 p. | ||
| 505 | 0 | |a Pastos -- Arbustos -- Hierbas y subarbustos -- Cómo se clasificán las plantas -- Descripción de los principales tipos de campos -- Esquema de una gramínea -- Indice de nombres científicos y vulgares | |
| 020 | |a 9874396210 | ||
| 100 | 1 | |a Kropfl, Alicia L. | |
| 700 | 1 | |a Cecchi, Gustavo A. | |
| 700 | 1 | |a Villasuso, Natalia M. | |
| 700 | 1 | |a Rossio, Evangelina | |
| 700 | 1 | |a Pelotto, J. Pablo | |
| 082 | 0 | 4 | |a 581.98273 |
| 653 | |a Especies silvestres-monte rionegrino | ||
| 653 | |a Especies vegetales-monte rionegrino | ||
| 859 | |a CEMS |b BIB. CEMS - Agricultura |h 581.98273 |i K927 |p A1469.11 |t Ej.1 | ||
| 859 | |a CEMS |b BIB. CEMS - Agricultura |h 581.98273 |i K927 |p A3880.25 |t Ej.2 | ||
